Responses for show #6135 - Friday, April 22, 2011

Brian Meacham game 2.

Contestants

[<< previous game]

Nick Cohen, an equity trader from New York, New York

KC Frodyma, a freelance editor from San Francisco, California

Brian Meacham, a film preservationist originally from Anchorage, Alaska (whose 1-day cash winnings total $28,400)

[next game >>]

Jeopardy! Round responses

THE ENVIRONMENT
(Alex: In honor of Earth Day today.)
CELEBRITY FACTS
LET'S HAVE ITALIAN TONIGHT!
SAME FIRST & LAST LETTER
HOME FURNISHINGS
FATHERS-IN-LAW
    $200 13
(KC: What is the panther?)

a bear

KC
Triple Stumper
    $200 16
Natalie Portman

Nick
    $200 21
Stradivarius

Brian
    $200 1
taillight (or reflector)

KC
    $200 7
a bed

Brian
    $200 2
César Chávez

Nick
    $400 14
acid snow

KC
    $400 17
Cooperstown

Nick
    $400 22
(Guglielmo) Marconi

Brian
    $400 9
(Brian: What is... obese?)

plump

Brian
Triple Stumper
    $400 8
a director's chair

KC
    $400 3
Prince Albert

KC
    $600 15
(KC: What is malaria?)

cancer

KC
Triple Stumper
    $600 18
Six Degrees of Kevin Bacon

Brian
    $600 23
(KC: Who is Giadia De Laurentiis?)
(Brian: Who is Giana De Laurentiis?)
...
(Alex: KC, you added one letter that added a syllable. You said "Giadia", and it's [*].)

Giada De Laurentiis

BrianKC
Triple Stumper
    $600 10
equine

Brian
    $600 26
plants

Triple Stumper
    $600 4
Kirk Douglas

Brian
    $800 19
Paul Newman

Brian
    $1,000 24
John Paul I

Brian
    $800 11
a neutron

KC
    $800 27
Navajo

KC
    $800 5
Zachary Taylor

Triple Stumper
    $1000 20
"Wild Thing"

Nick
    $1000 25
Umberto Eco

Brian
    $1000 12
cryogenic

Triple Stumper
    $1000 28
breakfront

Triple Stumper
    $1000 6
(Brian: Who is Eugene O'Neill?)

Arthur Miller

Brian
Triple Stumper

Scores at the first commercial break (after clue 15):

Brian KC Nick
$0 $1,400 $200

Scores at the end of the Jeopardy! Round:

Brian KC Nick
$3,400 $1,600 $1,800

Double Jeopardy! Round responses

CLASSICAL COMPOSERS
THEY'RE ON CABLE
POETIC TITLE VERBS
IT'S A COUP D'ETAT
COMPOUND WORDS
FATHER'S IN LAW
    $400 1
Beethoven

KC
    $400 16
David Duchovny

Brian
    $400 6
Stopping

Brian
    $400 21
Julius Caesar

Nick
    $400 11
a notebook

Nick
    $400 25
Harvard

KC
    $800 2
(KC: What is Othello?)
...
(Alex: The famous sleepwalking scene in [*].)

Macbeth

KC
Triple Stumper
    $800 17
Psych

KC
    $800 7
Wandered

KC
    $800 22
Sweden

Nick
    $800 12
the kneecap

Nick
    $2,000 26
Delaware

KC
    $1200 3
Ave Maria

Triple Stumper
    $1200 18
The Soup

Nick
    $1200 8
Walks

Triple Stumper
    $1200 23
Iran

KC
    $1200 13
a mousetrap

Brian
    $1200 27
a deposition

Brian
    $1600 4
Franz Joseph Haydn

Triple Stumper
    $1600 19
Rizzoli & Isles

KC
    $1600 9
Dying

KC
    $2,000 24
(KC: Who is Fujimori?)

Hugo Chavez

KC
    $1600 14
moonstruck

KC
    $1600 28
legal aid

Triple Stumper
    $2000 5
an opus

KC
    $2000 20
Rachel Zoe

Triple Stumper
    $2000 10
Looking

Triple Stumper
    $2000 29
Musharraf

Nick
    $2000 15
chophouse

Nick
    $2000 30
counsel

Brian

Scores at the end of the Double Jeopardy! Round:

Brian KC Nick
$8,600 $11,200 $9,400

[wagering suggestions for these scores]

Final Jeopardy! Round responses

BIOGRAPHERS
(Alex: A bit of American history to deal with here.)
...
(Alex: The correct response is "Who was [*]?" Wrote one of the very first biographies of Washington.)
BrianWho is Cotton Mather?
$1,500
NickWho is Benjamin Rush?
$8,100
KCWho is .
$7,601
Parson Weems

Final scores:

Brian KC Nick
$7,100 $3,599 $1,300
2-day champion: $35,500 2nd place: $2,000 3rd place: $1,000

Game dynamics:

Coryat scores:

Brian KC Nick
$8,400 $12,000 $9,400
14 R
(including 1 DD),
3 W
16 R
(including 1 DD),
5 W
(including 1 DD)
11 R,
0 W

Combined Coryat: $29,800

The J! Archive is created by fans, for fans. The Jeopardy! game show and all elements thereof, including but not limited to copyright and trademark thereto, are the property of Jeopardy Productions, Inc. and are protected under law. This website is not affiliated with, sponsored by, or operated by Jeopardy Productions, Inc. Join the discussion at JBoard.tv.